Taller de lectura y redacción /

Salvato in:
Dettagli Bibliografici
Autore principale: Torre Zermeño, Francisco J. de la (autor)
Altri autori: Dufóo Maciel, Silvia (autor) (autor)
Natura: Libro
Lingua:spagnolo
Pubblicazione: México : McGraw-Hill, 2002, c2002
Edizione:3a edición
Soggetti:
Tags: Aggiungi Tag
Nessun Tag, puoi essere il primo ad aggiungerne!!

MARC

LEADER 00000nam^a2200000^a^4500
001 000187632
005 20250521000000.0
009 20260310102310.394
020 |a 970-10-3783-9 
020 |a 970-10-3272-1 
037 |a Acervo ITESO - Biblioteca 
041 |a ESP 
082 |a 808. 0461  |b TOR 
100 |a Torre Zermeño, Francisco J. de la  |e (autor) 
240 1 1 |a [Taller de lectura y redacción] 
245 1 0 |a Taller de lectura y redacción /  |c F.J. de la Torre Zermeño, S. Dufóo Maciel. 
250 |a 3a edición 
264 4 |a México :  |b McGraw-Hill,  |c 2002, c2002 
300 |a 2 v. (IX, 317, 342 p.) 
336 |a texto  |b txt  |2 rdacontenido 
337 |a sin mediación  |b n  |2 rdamedio 
338 |a volumen  |b nc  |2 rdasoporte 
521 |a 2012-2016 BO Currículum Universitario 
649 |a XX 
650 |a Español -  |x Estudio y Enseñanza 
650 |a Español -  |x Composición y Ejercicios 
650 |a Lectura -  |x Estudio y Enseñanza -  |x Tema Principal 
650 |a Estilo Literario 
650 |a Redacción -  |x Estudio y Enseñanza -  |x Tema Principal 
650 |a Norma Lingüística 
650 |a Comunicación Escrita 
650 |a Lingüística Prescriptiva 
650 |a Literatura 
700 |a Dufóo Maciel, Silvia  |e (autor) 
910 |a Fondo General 
920 |a Impresos - Libros 
930 |a Colección General 
940 |a Literatura 
905 |a 101 
901 |a 0500100345  |b IT1  |c LIT  |u 20250521 
901 |a 0500100348  |b IT1  |c LIT  |u 20250521 
901 |a 0500100325  |b IT1  |c LIT  |u 20250521 
901 |a 0500100322  |b IT1  |c LIT  |u 20250521 
902 |a https://opac.biblio.iteso.mx/vufind/Record/000187632